| 000 | 00647nam a22001577a 4500 | ||
|---|---|---|---|
| 003 | OSt | ||
| 005 | 20150910170518.0 | ||
| 008 | 150910b xxu||||| |||| 00| 0 eng d | ||
| 040 | _cRUA | ||
| 082 | _aAGR នៅ 1995 B014 Or.1 | ||
| 100 |
_9278 _aនៅ សារ៉ាត |
||
| 245 | _aកំរិតយល់ដឹងពីវិធានការណ៍ចំរុះក្នុងកិច្ចការពារដំណាំស្រូវរបស់កសិករនៅស្រុកសំរោងទង ខេត្តកំពង់ស្ពឺ | ||
| 260 |
_aPhnom Penh _bRUA _c1995 |
||
| 300 |
_a84p. _bill. _c29cm. |
||
| 942 |
_2ddc _cAGR |
||
| 999 |
_c258 _d258 |
||